00535 2200193 4500245006700000020002200067250001000089100002600099700001800125700002300143650002600166650001000192005001900202260006500221041001400286084001200300300002000312336000900332 aCerita Anak Uniknya Bahasa JawakucSeptinata Cahya PutrihText a978-602-437-524-9 acet.1 aSeptinata Cahya Putri aEbah Suhaebah aYonita Yuli Amanda aCerita Anak Indonesia aEbook a20241107123310 aJakarta TimurbBadan Pengembangan dan Pembinaan Bahasac2018 aIndonesia a398.209 aviii :c91 hlm. atext